Catálogo

Homenaje a la Santísima Virgen / (Registro nro. 61763)

Detalles MARC
000 -LEADER
fixed length control field 01018cam a2200301 i 4500
001 - CONTROL NUMBER
control field 61763
003 - CONTROL NUMBER IDENTIFIER
control field Mx-PuUPA
005 - DATE AND TIME OF LATEST TRANSACTION
control field 20230425132254.0
008 - FIXED-LENGTH DATA ELEMENTS--GENERAL INFORMATION
fixed length control field 141114s2004 ck ao gr 000 0 spa d
020 ## - INTERNATIONAL STANDARD BOOK NUMBER
International Standard Book Number 9589422322
040 ## - CATALOGING SOURCE
Transcribing agency Mx-PuUPA
Language of cataloging spa
Modifying agency Mx-PuUPA
Description conventions rda
Original cataloging agency Mx-PuUPA
041 0# - LANGUAGE CODE
Language code of text/sound track or separate title spa
245 10 - TITLE STATEMENT
Title Homenaje a la Santísima Virgen /
Statement of responsibility, etc. Trinidad Orozco Forero, Oscar Montoya A., Emilio Lesmes Sánchez, P. Daniel Trujillo Mejía.
250 ## - EDITION STATEMENT
Edition statement Primera edición
264 #1 - PRODUCTION, PUBLICATION, DISTRIBUTION, MANUFACTURE, AND COPYRIGHT NOTICE
Place of production, publication, distribution, manufacture Colombia :
Name of producer, publisher, distributor, manufacturer Editar Ltda,
Date of production, publication, distribution, manufacture, or copyright notice 2004
300 ## - PHYSICAL DESCRIPTION
Extent 512 páginas :
Other physical details ilustraciones, fotografías ;
Dimensions 31 cm
336 ## - CONTENT TYPE
Content type term texto
Fuente rdacontent
Content type code txt
337 ## - MEDIA TYPE
Media type term sin medio
Source rdamedia
Media type code n
338 ## - CARRIER TYPE
Carrier type term volumen
Source rdacarrier
Carrier type code nc
545 ## - BIOGRAPHICAL OR HISTORICAL DATA
Biographical or historical data Reimpresiones: (2008).
600 04 - SUBJECT ADDED ENTRY--PERSONAL NAME
Personal name Virgen María
700 1# - ADDED ENTRY--PERSONAL NAME
Personal name Montoya, Oscar A.,
Relator term autor
700 1# - ADDED ENTRY--PERSONAL NAME
Personal name Lesmes Sánchez, Emilio,
Relator term autor
700 1# - ADDED ENTRY--PERSONAL NAME
Personal name Trujillon Mejía, P. Daniel,
Relator term autor
942 ## - ADDED ENTRY ELEMENTS (KOHA)
Source of classification or shelving scheme Dewey Decimal Classification
Koha item type Libro
Classification part 232.91
Item part H763
Existencias
Withdrawn status Lost status Source of classification or shelving scheme Damaged status Not for loan Collection code Home library Current library Shelving location Date acquired Source of acquisition Total Checkouts Full call number Barcode Date last seen Price effective from Koha item type Copy number
    Dewey Decimal Classification     General Centro de Estudios Guadalupanos Centro de Estudios Guadalupanos Sala general 14/11/2014 Compra   232.91 H763 2004 92628 05/01/2026 14/11/2014 Libro  
    Dewey Decimal Classification     General Centro de Estudios Guadalupanos Centro de Estudios Guadalupanos Sala general 03/12/2013 Compra   232.91 H763 2004 60804 05/01/2026 03/12/2013 Libro Ej.2